| 000 | 00495cam a22001931 04500 | ||
|---|---|---|---|
| 001 | 44682 | ||
| 090 | _a44682 | ||
| 100 | _a19610801d1961 m y0pory5003 ba | ||
| 101 | 1 | _apor | |
| 102 | _aPT | ||
| 200 | 1 |
_aTerras vermelhas _fClark Carrados _gtrad. de Rodrigo de Melo _dBonanza |
|
| 205 | _a1.ยช ed. | ||
| 210 | 9 |
_aAmadora _cEditorial Ibis, _d[1968] |
|
| 215 |
_a103, [1] p. _d16 cm |
||
| 225 | 2 |
_aFar West _v14 |
|
| 675 |
_a860 _vmed _zpor |
||
| 700 | 1 |
_aCarrados, _bClark, |
|
| 801 | 0 |
_aPT _bBN _gRPC |
|
| 990 | _cLIVROS | ||